Over / (Registro nro. 8203)

Detalles MARC
000 -LIDER
fixed length control field 00890nam a2200289 a 4500
001 - NÚMERO DE CONTROL
Identificador de número de control 000014150
003 - IDENTIFICACDOR DE NÚMERO DE CONTROL
control field DO-SdBNP
005 - DATE AND TIME OF LATEST TRANSACTION
control field 20180213134359.0
007 - CAMPOS FIJOS DE DESCRIPCIÓN FÍSICA
fixed length control field 000014150
008 - ELEMENTOS DE LONGITUD FIJA
fixed length control field 091207s2011 dr 000 j spa d
020 ## - ISBN
International Standard Book Number 9789945429367
040 ## - FUENTE DE CATALOGACIÓN
Agencia que crea de manera original el registro BPMSU
Idioma de catalogación spa
Agencia que realiza la transcripción BPMSU
092 ## - LOCALLY ASSIGNED DEWEY DECIMAL CALL NUMBER
Número de clasificación RD863.42
Número de ítem (Cutter) M358o
100 1# - ASIENTO PRINCIPAL -- NOMBRE PERSONAL
Nombre personal Marrero Aristy, Ramón,
Fechas asociadas con el nombre 1913-1959
245 10 - MENCIÓN DE TITULO
Título Over /
Mención de responsabilidad Ramón Marrero Aristy. ;con amplio estudio de José Enrique García.
260 ## - PUBLICACIÓN, DISTRIBUCIÓN, ETC. (PIE DE IMPRENTA)
Lugar de publicación, distribución, etc Santo Domingo :
Nombre del editor, distribuidor, etc. Afaguara,
Fecha de publicación, distribución, etc 2011
300 ## - DESCRIPCIÓN FÍSICA
Extensión 260 p. ;
Dimensiones 23 cm.
490 1# - MENCIÓN DE SERIES
Mención de serie Alfaguara
-- roja
650 #4 - ENCABEZAMIENTO DE MATERIA--TEMÁTICO
Término temático o nombre geográfico como elemento de entrada NOVELA DOMINICANA
650 #4 - ENCABEZAMIENTO DE MATERIA--TEMÁTICO
Término temático o nombre geográfico como elemento de entrada LITERATURA DOMINICANA
700 12 - ASIENTO SECUNDARIO -- NOMBRE PERSONAL
Término de relación García, José Enrique
830 #0 - ASIENTO SECUNDARIO DE SERIE--TÍTULO UNIFORME
Título uniforme Alfaguara
Nombre de la parte o sección de una obra roja, (República Dominicana)
910 ## - VALIDACIÓN
Validación Validado. Control de calidad BNPHU
942 ## - ADDED ENTRY ELEMENTS (KOHA)
Source of classification or shelving scheme Dewey Decimal Classification
Koha item type Libros
945 ## - INFORMACIÓN DE PROCESAMIENTO LOCAL
Información de procesamiento local Invetanariado / 2018 VM
956 ## - LOCAL ELECTRONIC LOCATION AND ACCESS (OCLC)
Nombre de host VMATEO
Número de acceso 10
Información de compresión 20150814
Inicio de sesión BPMSU
Procesador de solicitud 000151
Existencias
Withdrawn status Lost status Source of classification or shelving scheme Damaged status Not for loan Collection code Home library Current library Date acquired Full call number Barcode Date last seen Price effective from Koha item type
    Dewey Decimal Classification     Colección Dominicana Biblioteca Pública Metropolitana Salomé Ureña Biblioteca Pública Metropolitana Salomé Ureña 08/14/2015 BPMSU CD RD863.42 M358o BPMSU15080402 08/14/2015 08/14/2015 Libros